000 00722nam a2200229 a 4500
001 000004235
005 20200929151421.0
008 790927s1968 sp 000 0 spa
040 _aDO-SdBNP
_bspa
_cBNPHU
082 _a636.75
_bH887p, 1968
100 1 _aHuerta Ramírez, Fernando.
_912515
245 1 0 _aPerros de caza /
_cFernando Huerta Ramírez; prólogo, Jaime de Foxá Torroba.
250 _a2a ed.
260 _aBarcelona :
_bHispano Europea,
_c1968.
300 _a390 p. :
_bretrs. ;
_c20 cm.
490 1 _aHerakles
_aC. Caza
504 _aIncluye índice
650 4 _aPerros de caza
_912516
650 4 _aPerros
_912517
700 1 _aFoxá Torroba, Jaime de
_epról.
_97486
830 0 _aHerakles
_pC. Caza
_912518
999 _c4049
_d4049